Statistics for All Classic Thomas the Tank Engine Characters

Click here to take the quiz!

General Stats

  • This quiz has been taken 90 times
  • The average score is 22 of 31

Answer Stats

Answer% Correct
Thomas
98%
Gordon
90%
Percy
90%
James
87%
Henry
84%
Toby
82%
Edward
80%
Diesel
79%
Duck
75%
Bertie
74%
The Diesel / Class 40
72%
Bill & Ben
70%
Harold
70%
Donald & Douglas
69%
Trevor
69%
Daisy
67%
Mavis
67%
Oliver
67%
Peter Sam
64%
Rusty
64%
BoCo
62%
Duncan
62%
Duke
61%
Sir Handel
61%
Terence
61%
George
59%
Skarloey
59%
Bulgy
57%
Rheneas
56%
Stepney
54%
Caroline
49%

Score Distribution

Percentile by Number Answered

Percent of People with Each Score

Your Score History

You have not taken this quiz